[Event "IECG TG-2003-0-14900"]
[Site "IECG email"]
[Date "2003.06.01"]
[Round "1"]
[White "De Burca, Padraig"]
[Black "Kirby, Robert"]
[Result "0-1"]
[WhiteElo "1000"]
[BlackElo "923"]
[PlyCount "52"]
[EventDate "2003.06.01"]
[EventType "tourn (corr)"]
[EventRounds "6"]
[SourceTitle "Corr 2024"]
[Source "ChessBase"]
[SourceDate "2023.10.19"]
[SourceVersion "1"]
[SourceVersionDate "2023.10.19"]
[SourceQuality "1"]

1. e4 e5 2. Nf3 d6 3. Bc4 Nc6 4. 0-0 Bg4 5. h3 Bh5 6. Nc3 Nf6 7. Bb5 Be7 8. g4 Bg6 9. d4 0-0 10. Bxc6 bxc6 11. Re1 Nd7 12. dxe5 dxe5 13. Qd3 Bd6 14. Qc4 c5 15. b3 Nb6 16. Qd3 c4 17. bxc4 h6 18. Rb1 c6 19. Rd1 Bc7 20. c5 Nd5 21. Bg5 hxg5 22. Qa6 Nxc3 23. Rxd8 Bxd8 24. Qxc6 Bxe4 25. Qd7 Nxb1 26. Nxe5 Bf6 0-1